书目信息 |
| 题名: |
鲁迅传略
|
|
| 作者: | 朱正 编 | |
| 分册: | ||
| 出版信息: | 北京 人民文学出版社 1982.9 |
|
| 页数: | 380页 | |
| 开本: | 19cm | |
| 丛书名: | ||
| 单 册: | ||
| 中图分类: | I210.94 | |
| 科图分类: | ||
| 主题词: | 文学--作品集--中国 | |
| 电子资源: | ||
| ISBN: | ||
| 000 | 00551nam0 2200205 45 | |
| 001 | 0181013591 | |
| 005 | 20070729092458.77 | |
| 010 | @dCNY0.93 | |
| 091 | @a10019.3346 | |
| 100 | @a20810111d km y0chiy0120 ea | |
| 101 | 0 | @achi |
| 105 | @ach z 000zy | |
| 200 | 1 | @Aluxunzhuanlue@a鲁迅传略@f朱正编@FZhu Zheng Bian |
| 210 | @a北京@c人民文学出版社@d1982.9 | |
| 215 | @a380页@c肖像,摹真@d19cm | |
| 606 | 0 | @a文学@x作品集@x中国 |
| 690 | @aI210.94@v3 | |
| 701 | 0 | @a朱正@4编 |
| 801 | @aCN@bTSTC@c20070729 | |
| 905 | @dI210.93@e85@f1@b80779@b80781@f1 | |
| 鲁迅传略/朱正编.-北京:人民文学出版社,1982.9 |
| 380页:肖像,摹真;19cm |
| ISBN :CNY0.93 |
| ● |
| 相关链接 |
|
|
|
|
正题名:鲁迅传略
索取号:I210.93/85
 
预约/预借
| 序号 | 登录号 | 条形码 | 馆藏地/架位号 | 状态 | 备注 |
| 1 | 0080779 | 000528192 | 第二借阅区/ [索取号:I210.93/85] | 在馆 | |
| 2 | 0080780 | 001786525 | 密集书库/ [索取号:I210.93/85] | 在馆 | |
| 3 | 0080781 | 000528227 | 密集书库/ [索取号:I210.93/85] | 在馆 | |
| 4 | 0080782 | 001786589 | 密集书库/ [索取号:I210.93/85] | 在馆 | |
| 5 | 0095303 | 001786534 | 密集书库/ [索取号:I210.93/85] | 在馆 | |
| 6 | 0095304 | 001786570 | 密集书库/ [索取号:I210.93/85] | 在馆 | |
| 7 | 0785710 | 207857103 | 密集书库/ [索取号:I210.93/85] | 在馆 |